Tie and dye

Bibliographic Details
Main Author: King, Lizzie
Format: Book
Published: London : Pavilion , 2017
Subjects:

MARC

LEADER 00000cam a2200000 7i4500
001 0000215708
005 20180628.0
020 |a 9781910904749 
090 0 0 |a 746.664   |b KIN 
100 1 |a King, Lizzie 
245 1 0 |a Tie and dye   |c Lizzie King 
260 |a London :   |b Pavilion ,   |c 2017 
300 |a 111p. :   |b ill. ;   |c 24cm. 
650 0 |a Tie-dyeing 
999 |a 00354554   |b BUKU   |c PINJAMAN   |e PERPUSTAKAAN KOMUNITI PETALING JAYA